E-learning – trend moderného vzdelávania v podnikoch bakalárska práca

Uložené v:
Podrobná bibliografia
Hlavný autor: Današová, Nora
Korporativný autor: Fakulta podnikového manažmentu EU. Katedra informačného manažmentu
Ďalší autori: Švejdová, Natália, 1993-
Médium: Kniha
Jazyk:Slovak
Vydavateľské údaje: Bratislava 2020
Tagy: Pridať tag
Žiadne tagy, Buďte prvý, kto otaguje tento záznam!

MARC

LEADER 00000nbm a2200000 4500
001 0266023
005 20201126101518.4
041 0 |a slo 
044 |a SK 
245 1 0 |a E-learning – trend moderného vzdelávania v podnikoch  |b bakalárska práca  |c Nora Današová ; školiteľ: Natália Švejdová 
264 1 |a Bratislava  |c 2020 
300 |a 41 s. 
100 1 |a Današová, Nora 
700 1 |a Švejdová, Natália, 1993- 
710 2 |a Fakulta podnikového manažmentu EU. Katedra informačného manažmentu